00441nam a2200145 a 450000100100000000500170001000800410002704000250006808200150009310000290010824500510013726000420018830000210023058600440025100003295820260305073958.0110804s1991 dr 000 0 spa d aDO-SdBNPbspacBNPHU axxxbG377h1 aGerón, Candido,d1948-14aLos horizontes del deseo /cCándido Gerón. aSanto Domingo :bAlfa & Omega,c1991. a156 p. ;c22 cm. aPremio Nacional de Poesía (1989-1990)